Normal view
MARC view
- COMPUTER BASICS
Entry Topical Term
001 - CONTROL NUMBER
- control field: 77287
003 - CONTROL NUMBER IDENTIFIER
- control field: NUST
005 - DATE AND TIME OF LATEST TRANSACTION
- control field: 20210628205846.0
008 - FIXED-LENGTH DATA ELEMENTS
- fixed length control field: 210628|| aca||aabn | a|a d
040 ## - CATALOGING SOURCE
- Original cataloging agency: NUST
- Transcribing agency: NUST
150 ## - HEADING--TOPICAL TERM
- Topical term or geographic name entry element: COMPUTER BASICS
670 ## - SOURCE DATA FOUND
- Source citation: Work cat.: (NUST): Hutchinson, Sarah E. Sawyer, Stacy C. 77286, Computer essentials, 1996
